XVI (3-я Объединенная) сессия Украинского психоневрологического института и Института психиатрии Министерства здравоохранения СССР, посвященная 100-летию со дня рождения великого русского ученого И.П. Павлова. 11-13 е июня 1949 г. (Запись № 8665677)

Подробности
000 -МАРКЕР
контрольное поле 01367nam0a22002531 4500
001 - ИДЕНТИФИКАТОР ЗАПИСИ
контрольное поле rc\4195024
005 - ИДЕНТИФИКАТОР ВЕРСИИ
контрольное поле 20250611011630.0
021 ## - НОМЕР ГОСУДАРСТВЕННОЙ РЕГИСТРАЦИИ
Код страны Российская Федерация
Номер [49-22447]
035 ## - ДРУГИЕ СИСТЕМНЫЕ НОМЕРА
Идентификатор записи (NLR Aleph) 008005277
100 ## - ДАННЫЕ ОБЩЕЙ ОБРАБОТКИ
Данные общей обработки 20130415d1949 |||y0rusy50 ca
101 0# - ЯЗЫК РЕСУРСА
Язык текста, звукозаписи и т.д. русский
102 ## - СТРАНА ПУБЛИКАЦИИ ИЛИ ПРОИЗВОДСТВА
Страна публикации Российская Федерация
105 ## - ПОЛЕ КОДИРОВАННЫХ ДАННЫХ: ТЕКСТОВЫЕ МАТЕРИАЛЫ, МОНОГРАФИЧЕСКИЕ
Кодированные данные о монографическом текстовом документе c z |||||
200 1# - ЗАГЛАВИЕ И СВЕДЕНИЯ ОБ ОТВЕТСТВЕННОСТИ
Основное заглавие XVI (3-я Объединенная) сессия Украинского психоневрологического института и Института психиатрии Министерства здравоохранения СССР, посвященная 100-летию со дня рождения великого русского ученого И.П. Павлова. 11-13 е июня 1949 г.
Первые сведения об ответственности М-во здравоохранения СССР. М-во здравоохранения УССР
210 ## - ПУБЛИКАЦИЯ, РАСПРОСТРАНЕНИЕ И ДР.
Место издания, распространения и т.д. Харьков
Имя издателя, распространителя и т. д. тип. "Мистецтво"
Дата издания, распространения и т.д. [1949]
215 ## - ФИЗИЧЕСКАЯ ХАРАКТЕРИСТИКА
Специфическое обозначение материала и объем 30 с.
Другие сведения о физической характеристике портр.
Размеры 20
710 02 - НАИМЕНОВАНИЕ ОРГАНИЗАЦИИ - ПЕРВИЧНАЯ ОТВЕТСТВЕННОСТЬ
Начальный элемент ввода Украинский научно-исследовательский психоневрологический институт им. В. П. Протопопова
Структурное подразделение Научная сессия
Идентифицирующий признак Харьков
Порядковый номер временной организации и / или порядковый номер ее части 16
Дата проведения временной организации 1949
Системный номер авторитетной/нормативной записи 697732
Идентификатор авторитетной/нормативной записи RU\NLR\AUTH\880518474
801 #0 - ИСТОЧНИК ЗАПИСИ
Страна Российская Федерация
Организация NLR
Правила каталогизации psbo
801 #1 - ИСТОЧНИК ЗАПИСИ
Страна Российская Федерация
Организация ELAR
Источник данных rusmarc
852 ## - МЕСТОНАХОЖДЕНИЕ И ШИФР ХРАНЕНИЯ
Идентификатор организации NLR
Шифр хранения (Call Number) Аф02 Г-4/117
942 ## - ДОПОЛНИТЕЛЬНЫЕ ЭЛЕМЕНТЫ ЗАПИСИ (АБИС)
Тип экземпляра АБИС Книга
980 ## - КОЛЛЕКЦИЯ
Название коллекции Национальная библиография
Экземпляры
Тип экземпляра Дата поступления Библиотека постоянного хранения Библиотека текущего хранения Место хранения Шифр хранения Штрих-код Статус экземпляра
Книга 26.10.2013 РНБ (Садовая) РНБ (Садовая) Русский книжный фонд -Главное здание, Ленинский читальный зал Аф02 Г-4/117 8005277-10